CM Punk's career pro wrestling opponents - Statistics

General Stats
  • This quiz has been taken 1,156 times
    77 since last reset
  • The average score is 49 of 148
Answer Stats
Answer % Correct
Seth Rollins
95%
John Cena
93%
Roman Reigns
88%
The Undertaker
83%
Dean Ambrose
81%
Chris Jericho
80%
Randy Orton
80%
Rey Mysterio
80%
Kane
78%
Dominik Mysterio
76%
The Rock
76%
Daniel Bryan
75%
Edge
75%
Jeff Hardy
75%
Matt Hardy
75%
A.J. Styles
73%
Cody Rhodes
73%
Drew McIntyre
73%
The Big Show
73%
The Miz
73%
Triple H
73%
Brock Lesnar
71%
Kofi Kingston
71%
Christian
68%
John Morrison
68%
Batista
64%
Dustin Rhodes
64%
Maxwell Jacob Friedman
64%
Jey Uso
63%
Eddie Kingston
61%
Dolph Ziggler
58%
Samoa Joe
58%
Alberto Del Rio
56%
Eddie Guerrero
56%
Ryback
56%
Finn Balor
54%
Gunther
53%
MVP
53%
Chavo Guerrero Jr.
51%
Mark Henry
51%
Jack Swagger
49%
John Bradshaw Layfield
47%
R-Truth
47%
Sheamus
47%
Shelton Benjamin
47%
Adam Page
46%
Bron Breakker
46%
Carlito
46%
Darby Allin
44%
Jimmy Rave
44%
Sami Zayn
44%
Booker T
41%
Umaga
41%
Elijah Burke
39%
Antonio Cesaro
37%
Luke Gallows
37%
Vince McMahon
37%
Chris Masters
36%
Hardcore Holly
36%
Raven
36%
Curtis Axel
34%
Luke Harper
34%
Matt Sydal
34%
Billy Gunn
32%
Bronson Reed
32%
The Great Khali
32%
Christopher Daniels
31%
Jerry "The King" Lawler
29%
Mr. Kennedy
29%
Santino Marella
29%
Test
29%
William Regal
29%
Will "Powerhouse" Hobbs
29%
Colt Cabana
27%
Spanky
27%
Chris Hero
25%
CW Anderson
25%
Mike Knox
25%
Darren Young
24%
Marcus Cor Von
24%
Jamie Noble
22%
Val Venis
22%
Big Daddy V
20%
JTG
20%
Kevin Thorn
20%
Ricky Starks
20%
Austin Aries
19%
Justin Credible
19%
Rene Dupree
19%
Wardlow
19%
Ace Steel
17%
Bobby Fish
17%
Chuck Palumbo
17%
Jay Lethal
17%
Low Ki
17%
Stevie Richards
17%
Big E Langston
15%
Matt Striker
15%
Roderick Strong
15%
Shannon Moore
15%
Homicide
14%
Shad Gaspard
14%
Simon Dean
14%
Snitsky
14%
Alex Shelley
12%
Chris Sabin
12%
Jimmy Jacobs
12%
Road Dogg
12%
Shane Douglas
12%
Adam Pearce
10%
Brent Albright
10%
Terry Funk
10%
Brodus Clay
8%
Daniel Garcia
8%
Doug Basham
8%
Ludwig Kaiser
8%
Paul Burchill
8%
Satoshi Kojima
8%
Dax Harwood
7%
Douglas Williams
7%
Jerry Lynn
7%
Manu
7%
Max Caster
7%
Petey Williams
7%
Amazing Red
5%
Danny Doring
5%
Sonjay Dutt
5%
Steve Corino
5%
John Silver
3%
Kenny Dykstra
3%
Michael Shane
3%
Nigel McGuinness
3%
QT Marshall
3%
Roadkill
3%
B.J. Whitmer
2%
Danny Inferno
2%
Super Dragon
2%
Vampiro
2%
Chris Hamrick
0%
Johnny Jeter
0%
Justice Pain
0%
Matt Capotelli
0%
Puma
0%
Ray Gordy
0%
Scott Armstrong
0%
Scotty 2 Hotty
0%
Stan Dupp
0%
Tracy Smothers
0%
No matching quizzes found
Score Distribution
Percent of People with Each Score
Percentile by Number Answered
Your Score History
You have not taken this quiz since the last reset